000 00657nam a2200169 a 4500
001 000039141
005 20201002031520.0
008 130527s1990 dr 000 0 spa d
040 _aDO-SdBNP
_bspa
_cBNPHU
100 1 _aPoyo, Jeffrey
_918287
245 1 0 _aRepresión y liberalización financiera en las cooperativas de ahorro y credito en la República Dominicana /
_cJeffrey Poyo.
260 _aSanto Domingo :
_bCentro de Estudios Monetarios y Bancarios,
_c1990.
300 _a62 p. ;
_c22 cm.
500 _aIncluye datos biográficos del autor en la contracubierta
500 _aIncluye notas al pie de las páginas
504 _aBibliografía : p. 61-62
999 _c38631
_d38631